• 首页
  • 本馆介绍
  • 公告通知
  • 最新文献
  • 馆藏检索
  • 电子资源
  • 读者导购
  • 参考咨询
  • 我的图书馆
  • 登录
  • 详细信息显示
  • 放入我的书架
  • 预约/预借图书
  • 作者相关作品
  • 分类相关作品
  • 丛书相关作品
  • 出版社相关作品

书目信息

  • 表格格式
  • 工作单格式
  • 卡片格式
题名:
提高马铃薯脱毒种薯生产效益技术问答
    
 
作者: 庞淑敏 主编 ;方贯娜 编著
分册:  
出版信息: 北京   金盾出版社  2018
页数: 14,204页
开本: 21cm
丛书名:
单 册:
中图分类: S532.038 , S532
科图分类:
主题词: 马铃薯--脱毒--种薯--良种繁育--问题解答
电子资源:
ISBN: 978-7-5186-1307-6
000 01063nam0 2200241 450
001 2359986687
005 20231211164010.58
010    @a978-7-5186-1307-6@dCNY 21.00
100    @a20190201d2018 em y0chiy0120 ea
101 0  @achi
102    @aCN@b110000
105    @aa z 000yy
200 1  @a提高马铃薯脱毒种薯生产效益技术问答@Ati gao ma ling shu tuo du zhong shu sheng chan xiao yi ji shu wen da@b专著@f庞淑敏主编@g方贯娜[等]编著
210    @a北京@c金盾出版社@d2018
215    @a14,204页@c图@d21cm
330    @a本书内容包括:马铃薯产业与脱毒种薯,影响马铃薯脱毒种薯生产效益的关键因素,脱毒技术与马铃薯脱毒种薯生产,病毒及类病毒检测技术与马铃薯脱毒种薯生产,繁育技术与马铃薯脱毒种薯生产,栽培区域与马铃薯脱毒种薯生产,病虫害防治与马铃薯脱毒种薯生产,采收贮运与马铃薯脱毒种薯生产,农业标准化生产与马铃薯脱毒种薯。
606 0  @a马铃薯@x脱毒@x种薯@x良种繁育@j问题解答
690    @aS532.038@v5
690    @aS532@v4
701  0 @a庞淑敏@Apang shu min@4主编
702  0 @a方贯娜@Afang guan na@4编著
801  2 @aCN@b辽宁北配@c20231205
905    @aZUCC@dS532@e32
    
    提高马铃薯脱毒种薯生产效益技术问答/庞淑敏主编/方贯娜[等]编著.-北京:金盾出版社,2018
    14,204页:图;21cm
    
    
    ISBN 978-7-5186-1307-6:CNY 21.00
    本书内容包括:马铃薯产业与脱毒种薯,影响马铃薯脱毒种薯生产效益的关键因素,脱毒技术与马铃薯脱毒种薯生产,病毒及类病毒检测技术与马铃薯脱毒种薯生产,繁育技术与马铃薯脱毒种薯生产,栽培区域与马铃薯脱毒种薯生产,病虫害防治与马铃薯脱毒种薯生产,采收贮运与马铃薯脱毒种薯生产,农业标准化生产与马铃薯脱毒种薯。
●
相关链接 在五车中查询图书 在当当中查询图书 在豆瓣中查询图书


正题名:提高马铃薯脱毒种薯生产效益技术问答     索取号:S532/32         预约/预借

序号 登录号 条形码 馆藏地/架位号 状态 备注
1 2001538519   2001538519   319书库/ [索取号:S532/32] 在馆    
2 2001538520   2001538520   319书库/ [索取号:S532/32] 在馆    
3 2001538521   2001538521   319书库/ [索取号:S532/32] 在馆    
4 2001538522   2001538522   319书库/ [索取号:S532/32] 在馆    
5 2001538523   2001538523   319书库/ [索取号:S532/32] 在馆    
6 2001538524   2001538524   319书库/ [索取号:S532/32] 在馆    
7 2001538525   2001538525   319书库/ [索取号:S532/32] 在馆    
8 2001538526   2001538526   319书库/ [索取号:S532/32] 在馆    
9 2001538527   2001538527   319书库/ [索取号:S532/32] 在馆    
10 2001538528   2001538528   319书库/ [索取号:S532/32] 在馆    
11 2001538529   2001538529   319书库/ [索取号:S532/32] 在馆    
12 2001538530   2001538530   319书库/ [索取号:S532/32] 在馆    
13 2001538531   2001538531   319书库/ [索取号:S532/32] 在馆    
14 2001538532   2001538532   319书库/ [索取号:S532/32] 在馆    
15 2001538533   2001538533   319书库/ [索取号:S532/32] 在馆    
16 2001538534   2001538534   319书库/ [索取号:S532/32] 在馆    
17 2001538535   2001538535   319书库/ [索取号:S532/32] 在馆    
18 2001538536   2001538536   319书库/ [索取号:S532/32] 在馆    
19 2001538537   2001538537   319书库/ [索取号:S532/32] 在馆    
20 2001538538   2001538538   319书库/ [索取号:S532/32] 在馆    
21 2001538539   2001538539   319书库/ [索取号:S532/32] 在馆    
22 2001538540   2001538540   319书库/ [索取号:S532/32] 在馆    
23 2001538541   2001538541   319书库/ [索取号:S532/32] 在馆    
24 2001538542   2001538542   319书库/ [索取号:S532/32] 在馆    
山东省滨州职业学院图书馆 欢迎您!
大连网信软件有限公司© 版权所有